Alain Gallay, s. dir., Comment l’homme ? À la découverte des premiers Hominidés d’Afrique de l’Est, Paris, Éditions Errance/Genève, Géo-Découverte 1999, 408 p., bibl., lexique (notice n° 1643205)
[ vue normale ]
| 000 -LEADER | |
|---|---|
| fixed length control field | 00599cam a2200145 4500500 |
| 005 - DATE AND TIME OF LATEST TRANSACTION | |
| control field | 20260201160356.0 |
| 041 ## - LANGUAGE CODE | |
| Language code of text/sound track or separate title | fre |
| 042 ## - AUTHENTICATION CODE | |
| Authentication code | dc |
| 100 10 - MAIN ENTRY--PERSONAL NAME | |
| Personal name | Masset, Claude |
| Relator term | author |
| 245 00 - TITLE STATEMENT | |
| Title | Alain Gallay, s. dir., Comment l’homme ? À la découverte des premiers Hominidés d’Afrique de l’Est, Paris, Éditions Errance/Genève, Géo-Découverte 1999, 408 p., bibl., lexique |
| 260 ## - PUBLICATION, DISTRIBUTION, ETC. | |
| Date of publication, distribution, etc. | 2002.<br/> |
| 500 ## - GENERAL NOTE | |
| General note | 100 |
| 786 0# - DATA SOURCE ENTRY | |
| Note | L'Homme | 161 | 1 | 2002-03-01 | p. 239zb-304zb | 0439-4216 |
| 856 41 - ELECTRONIC LOCATION AND ACCESS | |
| Uniform Resource Identifier | <a href="https://shs.cairn.info/revue-l-homme-2002-1-page-239zb?lang=fr&redirect-ssocas=7080">https://shs.cairn.info/revue-l-homme-2002-1-page-239zb?lang=fr&redirect-ssocas=7080</a> |
Pas d'exemplaire disponible.




Réseaux sociaux